[Event "Vlissingen HZ op"]
[Site "Vlissingen"]
[Date "1998.??.??"]
[Round "5"]
[White "Golod, Vitali"]
[Black "Van Delft, Merijn"]
[Result "1/2-1/2"]
[WhiteElo "2535"]
[BlackElo "2240"]

1.d4 Nf6 2.c4 g6 3.Nc3 Bg7 4.e4 d6 5.Be2 O-O 6.Nf3 e5 7.O-O Nc6 8.d5 Ne7
9.b4 Nh5 10.Re1 Nf4 11.Bf1 a5 12.bxa5 c5 13.Nd2 Rxa5 14.a4 Kh8 15.Ra3 g5
16.g3 Nh3+ 17.Bxh3 Bxh3 18.Qh5 Qd7 19.f3 g4 20.Nd1 f5 21.Nf2 Rf6 22.fxg4 Bxg4
23.Nxg4 fxg4 24.Nf1 Ng6 25.Bg5 Rf8 26.Ne3 Rxa4 27.Rxa4 Qxa4 28.Qxg4 b5 29.Qd7 Qb4
30.Rd1 Qb3 31.Qxb5 Qa2 32.Nf5 Qe2 33.Rf1 Nf4 34.gxf4 exf4 35.Qd7 Rxf5 36.Qc8+ Rf8
37.Qh3 Bd4+ 38.Kh1 Qxe4+ 39.Qf3 Qxf3+ 40.Rxf3 Be5 41.Bh6 Rf6 42.Bg5 Rf5 43.Bd8 Kg7
44.Kg2 Kg6 45.Rb3 Rf7 46.Ba5 Kf5 47.Kf3 Ra7 48.Bd2 Ra4 49.h4 h5 50.Be1 Rxc4
51.Rb8 Rd4 52.Rf8+ Kg6 53.Rg8+ Kh7 54.Rg5 Kh6 55.Bf2 Rxd5 56.Ke4 Rd1 57.Kf5 Bd4
58.Rg6+ Kh7 59.Rxd6 Kg7 60.Rd7+ Kf8 61.Bxd4 cxd4 62.Kxf4 d3 63.Ke3  1/2-1/2

[Event "Vlissingen HZ op"]
[Site "Vlissingen"]
[Date "1998.??.??"]
[Round "7"]
[White "Golod, Vitali"]
[Black "Maes, Wim"]
[Result "1-0"]
[WhiteElo "2535"]
[BlackElo "2225"]

1.d4 Nf6 2.c4 g6 3.Nc3 Bg7 4.e4 d6 5.Nf3 O-O 6.Be2 e5 7.O-O Nc6 8.d5 Ne7
9.b4 Kh8 10.c5 Neg8 11.Nd2 Ne8 12.a4 f5 13.a5 Ngf6 14.Ba3 f4 15.Nc4 g5 16.b5 b6
17.cxd6 cxd6 18.Bb4 Rb8 19.axb6 axb6 20.Ra7 g4 21.Nxe5 dxe5 22.Be7 Rf7 23.Bxd8 Rxa7
24.d6 Be6 25.Bc7 Rbb7 26.Nd5 Bxd5 27.exd5 h5 28.Qc2 Nxc7 29.dxc7 Rxc7 30.Qf5 Re7
31.d6 Re8 32.Rd1 Rd7 33.h3 f3 34.gxf3 gxh3 35.Bc4 Rf8 36.Be6 Rdd8 37.Qxe5 h2+
38.Kh1 Nh7 39.Qe3 Rb8 40.d7 Bf6 41.Qh6  1-0

[Event "Vlissingen HZ op"]
[Site "Vlissingen"]
[Date "1998.??.??"]
[Round "7"]
[White "Ernst, Sipke"]
[Black "Weiler, Wolfgang"]
[Result "1-0"]
[WhiteElo "2300"]
[BlackElo "2150"]

1.Nf3 g6 2.c4 Bg7 3.d4 d6 4.Nc3 Nf6 5.e4 O-O 6.Be2 e5 7.O-O Nc6 8.d5 Ne7
9.Bg5 Ne8 10.Nd2 h6 11.Be3 f5 12.f3 f4 13.Bf2 g5 14.c5 Ng6 15.Nc4 Bf6 16.cxd6 cxd6
17.a4 Bd7 18.a5 Qb8 19.Qb3 Bd8 20.Rfc1 h5 21.h3 Rf6 22.Qb4 Nh8 23.Ra3 Nf7
24.Rb3 Bc8 25.a6 b6 26.Qa4 Ng7 27.Na5 Qc7 28.Nc6 Nh6 29.Nb5 Qd7 30.Qa3 Rg6
31.Ncxa7 g4 32.hxg4 hxg4 33.Rxc8 Rxc8 34.Nxc8 Qxc8 35.Rc3 Qa8 36.a7 g3 37.Be1 Kh7
38.Qa6 Bc7 39.Rxc7 Qd8 40.Qc8  1-0

[Event "GER CupT playoff 3th"]
[Site "Walldorf"]
[Date "1998.??.??"]
[Round "?.1"]
[White "Panzalovic, Srdjan"]
[Black "Volke, Karsten"]
[Result "0-1"]
[WhiteElo "2415"]
[BlackElo "2460"]

1.Nf3 Nf6 2.c4 g6 3.Nc3 Bg7 4.e4 d6 5.d4 O-O 6.Be2 e5 7.O-O Nc6 8.d5 Ne7
9.Ne1 Nd7 10.Nd3 f5 11.Bd2 Nf6 12.f3 Kh8 13.Rc1 c5 14.a3 Neg8 15.b4 b6 16.bxc5 bxc5
17.exf5 gxf5 18.f4 e4 19.Nf2 Nh6 20.Qc2 Qe8 21.Ncd1 Bd7 22.Ne3 Ba4 23.Qa2 Rb8
24.Bc3 Rb3 25.Bd1 Rxc3 26.Rxc3 Nh5 27.Bxa4 Qxa4 28.Nfd1 Rb8 29.Qe2 Nf6 30.h3 Nd7
31.g4 Bd4 32.g5 Ng8 33.Kh1 Ne7 34.Qc2 Qxc2 35.Rxc2 Rb3 36.Re1 Nf8 37.Rce2 Nfg6
38.Rf1 Rxa3 39.Nc2 Rxh3+ 40.Rh2 Rd3 41.Nxd4 cxd4 42.c5 dxc5 43.d6 Nc6 44.Rc2 Nxf4
45.Nf2 Rc3 46.Rxc3 dxc3 47.Nxe4 Ne2 48.Nxc3 Ng3+ 49.Kg2 Nxf1 50.Kxf1 Kg7
51.Na4 c4 52.Nc5 Nd8 53.Kf2 Kg6 54.Ke3 Kxg5 55.Kd4 h5 56.Kxc4 h4 57.Nd3 h3
58.Nf2 h2 59.Kd3 Kf4  0-1

[Event "POL-chT2"]
[Site "Wisla"]
[Date "1998.??.??"]
[Round "?"]
[White "Jusiak, Grzegorz"]
[Black "Mietus, Klaudiusz"]
[Result "1-0"]
[WhiteElo "2220"]
[BlackElo "2195"]

1.d4 Nf6 2.Nf3 g6 3.c4 d6 4.Nc3 Bg7 5.e4 O-O 6.Be2 e5 7.O-O Nc6 8.d5 Ne7
9.Bd2 Nh5 10.g3 f5 11.exf5 Nxf5 12.Ne4 Nf6 13.Bg5 h6 14.Bxf6 Bxf6 15.Rc1 Bg7
16.c5 g5 17.Nfd2 dxc5 18.Rxc5 b6 19.Rc1 Bb7 20.Nc3 Nd4 21.Bd3 c6 22.dxc6 Bxc6
23.Be4 Rc8 24.Qg4 Qd7 25.Qh5 b5 26.Qg6 Rf6 27.Qh7+ Kf7 28.Bxc6 Qxc6 29.Qd3 Qd7
30.Qe4 Rd8 31.Kg2 Kg8 32.Nb3 h5 33.Rcd1 b4 34.Ne2 Rd6 35.Nexd4 exd4 36.Nc5 Qc6
37.Qxc6 Rxc6 38.Nd3 a5 39.Rc1 Rdc8 40.Rxc6 Rxc6 41.Rc1 Rxc1 42.Nxc1 g4 43.Kf1 Kf7
44.Ke2 Ke6 45.Kd3 Kd5 46.Ne2 Be5 47.b3 Bc7 48.Ng1 Bd8 49.h3 gxh3 50.Nxh3 Bc7
51.Ng5 Bd8 52.Nh3 Bc7 53.f4 Bb8 54.Ng5 Bd6 55.Nf7 Be7 56.Ne5 h4 57.gxh4 Bxh4
58.Nc4 Bg3 59.f5 Bc7 60.f6 Ke6 61.Kxd4 Kxf6 62.Kc5 Ke6 63.Kb5 Kd5 64.Nxa5 Bd6
65.Nc6 Ke4 66.Nxb4 Kd4 67.a4 Kc3 68.a5 Bh2 69.a6 Bg1 70.Nd5+  1-0

[Event "POL-chT2"]
[Site "Wisla"]
[Date "1998.??.??"]
[Round "?"]
[White "Myc, Marcin"]
[Black "Czaplak, Tomasz"]
[Result "1/2-1/2"]
[WhiteElo "2350"]
[BlackElo "2190"]

1.d4 Nf6 2.c4 g6 3.Nc3 Bg7 4.e4 d6 5.Nf3 O-O 6.Be2 e5 7.O-O Nc6 8.d5 Ne7
9.Ne1 Nd7 10.Be3 f5 11.f3 f4 12.Bf2 g5 13.Nb5 Nf6 14.Nxa7 Bd7 15.c5 g4 16.Nb5 g3
17.hxg3 Nh5 18.gxf4 Bxb5 19.f5 Bxe2 20.Qxe2 Nf4 21.Qd2 Bh6 22.Be3 Rxf5 23.exf5 Nxf5
24.Nc2 Ng3 25.Rfe1 Qh4 26.Bxf4 Bxf4 27.Qd3 Kh8 28.Ne3 Rg8 29.cxd6 cxd6 30.Rac1 Bxe3+
31.Qxe3 Qh1+ 32.Kf2 Qh4 33.Kg1  1/2-1/2

[Event "POL-chT2"]
[Site "Wisla"]
[Date "1998.??.??"]
[Round "?"]
[White "Panczyk, Krzysztof"]
[Black "Suchan, Rafal"]
[Result "1/2-1/2"]
[WhiteElo "2365"]
[BlackElo "2295"]

1.d4 Nf6 2.c4 g6 3.Nc3 Bg7 4.e4 d6 5.Be2 O-O 6.Nf3 e5 7.O-O Nc6 8.d5 Ne7
9.b4 Nh5 10.g3 f5 11.Ng5 Nf6 12.f3 c6 13.Rb1 h6 14.Ne6 Bxe6 15.dxe6 Ne8 16.b5 c5
17.Nd5 Nc7 18.Nxc7 Qxc7 19.Rb2 Rad8 20.Rd2 Rf6 21.f4 Rxe6 22.exf5 Nxf5 23.Bg4 exf4
24.Bxf5 gxf5 25.Rxf4 Bd4+ 26.Kg2 Qf7 27.Re2 Rde8 28.Rxe6 Qxe6 29.Kh3 Qxc4
30.Qh5 Qe6 31.Rxf5 Bg7 32.Qg4 Kh7 33.Qf3 Re7 34.g4 Qxa2 35.g5 Qe2 36.Qxe2 Rxe2
37.gxh6 Bxh6 38.Bxh6 Kxh6 39.Rf6+ Kg5 40.Rxd6 Re5 41.b6 axb6 42.Rxb6 Re7
43.Kg3 Kf5 44.Rb5 Rc7 45.Kf3 Ke5 46.Ke3 Kd5 47.h4 Kc4 48.Rb1 Kc3 49.h5 Re7+
50.Kf4 Kc2 51.Rb5 c4 52.h6 c3 53.Rh5 Rh7 54.Kg5 Kb1 55.Kg6 Rc7 56.h7 Rc8
57.Rb5+ Ka2 58.Rc5 Rxc5 59.h8=Q b5 60.Qa8+ Kb2 61.Qh8 Rc4 62.Kf5 b4 63.Ke6 Ka2
64.Kd5 Kb3 65.Qh3 Rc7 66.Kd6 Ra7 67.Kc5 Ra5+ 68.Kd4 Kb2 69.Kc4  1/2-1/2

[Event "POL-chT2"]
[Site "Wisla"]
[Date "1998.??.??"]
[Round "?"]
[White "Sukienik, M."]
[Black "Zowada, Kazimierz"]
[Result "0-1"]
[WhiteElo "2085"]
[BlackElo "2230"]

1.e4 g6 2.d4 Bg7 3.c4 d6 4.Nc3 Nf6 5.Nf3 O-O 6.Be2 e5 7.O-O Nc6 8.d5 Ne7
9.Ne1 Nd7 10.Be3 f5 11.f3 Nf6 12.Nd3 f4 13.Bf2 g5 14.c5 h5 15.Rc1 Rf7 16.Nb5 Ng6
17.cxd6 cxd6 18.Qc2 Ne8 19.a4 g4 20.Nxa7 g3 21.Nxc8 gxf2+ 22.Nxf2 Rc7 23.Qb3 Raxc8
24.Rxc7 Rxc7 25.Qb6 Nh4 26.Nh3 Bf6 27.Bb5 Kf8 28.Qf2 Qc8 29.Rd1 Rg7  0-1

[Event "EUCup final (Women)"]
[Site "Wuppertal"]
[Date "1998.??.??"]
[Round "2"]
[White "Bobrowska, Monika"]
[Black "Kachiani Gersinska, Ketino"]
[Result "1/2-1/2"]
[WhiteElo "2320"]
[BlackElo "2435"]

1.d4 Nf6 2.Nf3 g6 3.c4 d6 4.Nc3 Bg7 5.e4 O-O 6.Be2 e5 7.O-O Nc6 8.d5 Ne7
9.Ne1 Nd7 10.Be3 f5 11.f3 f4 12.Bf2 g5 13.g4 fxg3 14.hxg3 h5 15.Qd2 Ng6 16.Ng2 h4
17.g4 Nf4 18.Kh2 Nxg2 19.Kxg2 Rf7 20.b4 Nf8 21.c5 Ng6 22.a4 Nf4+ 23.Kh2 Bf8
24.Bc4 a6 25.a5 Bd7 26.Be3 Qe8 27.Qa2 Kg7 28.c6 bxc6 29.dxc6 Be6 30.Bxf4 Bxc4
31.Qxc4 exf4 32.Rad1 Kg6 33.Ne2 Bg7 34.Nd4 Qe5 35.Rf2 Bf6 36.Rc2 Rb8 37.Nf5 Qb5
38.Qxb5 axb5 39.Rd5 Rff8 40.Nd4 Bxd4 41.Rxd4 Rfe8 42.Rd5 Re5 43.Rcd2 Kf6
44.Rxe5 dxe5 45.Rd7 Rc8 46.Kh3 Ke6 47.Kg2  1/2-1/2

[Event "Zadar op"]
[Site "Zadar"]
[Date "1998.??.??"]
[Round "4"]
[White "Bilobrk, Franjo"]
[Black "Jankovic, Branimir"]
[Result "1-0"]
[WhiteElo "2365"]
[BlackElo "2180"]

1.d4 Nf6 2.Nf3 g6 3.c4 Bg7 4.Nc3 O-O 5.e4 d6 6.Be2 e5 7.O-O Nc6 8.d5 Ne7
9.b4 Nh5 10.Re1 Nf4 11.Bf1 c6 12.a4 a5 13.bxa5 c5 14.Ra3 Rxa5 15.Nb5 Ra6
16.Bxf4 exf4 17.e5 dxe5 18.Nxe5 Bxe5 19.Rxe5 Nf5 20.Qd2 g5 21.d6 b6 22.h4 h6
23.hxg5 hxg5 24.Qd5 Be6 25.Qe4 Qa8 26.Rxe6 fxe6 27.Qxe6+ Kg7 28.Nc7 Qb7 29.Qe5+ Kg6
30.Bd3 Qc8 31.Nxa6 Re8 32.Bxf5+  1-0

[Event "Zalakaros op"]
[Site "Zalakaros"]
[Date "1998.??.??"]
[Round "?"]
[White "Lukacs, Peter"]
[Black "Vajda, Levente"]
[Result "1/2-1/2"]
[WhiteElo "2515"]
[BlackElo "2440"]

1.d4 Nf6 2.c4 g6 3.Nc3 Bg7 4.e4 d6 5.Nf3 O-O 6.Be2 e5 7.O-O Nc6 8.d5 Ne7
9.b4 Nh5 10.Re1 f5 11.Ng5 Nf6 12.Bf3 c6 13.Be3 h6 14.Ne6 Bxe6 15.dxe6 Re8
16.Qb3 Nc8 17.Rad1 Kh8 18.b5 f4 19.Bxf4 exf4 20.e5 d5 21.exf6 Qxf6 22.bxc6 bxc6
23.Na4 Ne7 24.cxd5 cxd5 25.Nc5 Rac8 26.Nd7 Qg5 27.Qa4 Rg8  1/2-1/2

[Event "Ardid mem 10th op"]
[Site "Zaragoza"]
[Date "1998.??.??"]
[Round "5"]
[White "Moreno, Javier"]
[Black "Degraeve, Jean Marc"]
[Result "0-1"]
[WhiteElo "2425"]
[BlackElo "2525"]

1.Nf3 Nf6 2.c4 g6 3.Nc3 Bg7 4.e4 d6 5.d4 O-O 6.Be2 e5 7.O-O Nc6 8.d5 Ne7
9.b4 Nh5 10.Re1 c6 11.Nd2 Nf4 12.Bf1 Bd7 13.Nb3 cxd5 14.cxd5 Rc8 15.Bd2 f5
16.g3 Nh5 17.Na5 Nf6 18.Nc4 Ng4 19.h3 Nxf2 20.Kxf2 fxe4+ 21.Kg2 Rxf1 22.Kxf1 Bxh3+
23.Kg1 Rxc4 24.Rxe4 Rxe4 25.Nxe4 Qb6+ 26.Nf2 e4 27.Qa4 Kf7 28.Rb1 Bf5 29.Kg2 e3
30.Nh3 Bf6 31.Bc3 Bxh3+ 32.Kxh3 Bxc3 33.Qd7 Bf6 34.Rd1 Qxb4 35.Qe6+ Kg7 36.Qxe3 h5
37.Qf3 Nf5 38.Rc1 Qg4+ 39.Qxg4 hxg4+ 40.Kxg4 Ne3+ 41.Kf3 Nxd5 42.Rd1 Nb6
43.Rxd6 Kf7 44.Ke4 Ke7 45.Rd1 Ke6 46.Rc1 Be5 47.g4 Nd5 48.Rc2 g5 49.Rd2 Nf6+
50.Kf3 b5 51.Rd8 Bc7 52.Rc8 Bb6 53.Rb8 b4 54.Rc8 Kd5 55.Rf8 Bd4 56.Rf7 a5
57.Rg7 Ne4 58.Rg8 a4 59.Rd8+ Nd6 60.Ra8 a3 61.Ra5+ Bc5 62.Ra8 Kc4 63.Ra4 Nb5  0-1

[Event "Bad Zwesten op"]
[Site "Bad Zwesten"]
[Date "1999.01.03"]
[Round "2"]
[White "Solonar, Stephan"]
[Black "Ciornei, Dragos"]
[Result "1-0"]
[WhiteElo "2307"]
[BlackElo "2109"]

1.c4 Nf6 2.Nc3 g6 3.e4 d6 4.d4 Bg7 5.Be2 O-O 6.Nf3 e5 7.O-O Nc6 8.d5 Ne7
9.Nd2 a5 10.a3 Nd7 11.Rb1 f5 12.b4 axb4 13.axb4 Nf6 14.f3 f4 15.c5 g5 16.Nc4 Ng6
17.Ba3 Ne8 18.b5 b6 19.cxb6 cxb6 20.Na4 Rb8 21.Bb4 Ne7 22.Naxb6 Ng6 23.Nxc8 Rxc8
24.Ra1 Rf7 25.Ra6 Bf8 26.Na5 h5 27.b6 g4 28.b7  1-0

[Event "Rilton Cup 9899"]
[Site "Stockholm"]
[Date "1999.01.05"]
[Round "8"]
[White "Degerman, Lars"]
[Black "Eriksson, Johan"]
[Result "1-0"]
[WhiteElo "2500"]
[BlackElo "2385"]

1.Nf3 Nf6 2.c4 g6 3.Nc3 Bg7 4.e4 d6 5.d4 O-O 6.Be2 e5 7.O-O Nc6 8.d5 Ne7
9.Bg5 Nh5 10.Ne1 Nf4 11.Nd3 Nxd3 12.Qxd3 f5 13.f3 Bf6 14.Bd2 f4 15.b4 h5
16.c5 g5 17.Rfc1 Ng6 18.Rc2 a6 19.Be1 Rf7 20.cxd6 cxd6 21.b5 g4 22.bxa6 bxa6
23.Rb1 Bh4 24.g3 fxg3 25.hxg3 Nf4 26.gxf4 Bxe1 27.f5 Bf2+ 28.Kxf2 Qh4+ 29.Kg1 Qg3+
30.Kf1 Qh3+ 31.Ke1 g3 32.Bf1 Qh1 33.Rg2 h4 34.Ne2 Bd7 35.Qe3 Rg7 36.Qh6 Rh7
37.Qxd6 Bb5 38.Qe6+ Kf8 39.Qf6+ Ke8 40.Qxe5+ Kd8 41.Qd6+ Kc8 42.a4  1-0

[Event "Bad Zwesten op"]
[Site "Bad Zwesten"]
[Date "1999.01.06"]
[Round "8"]
[White "Solonar, Stephan"]
[Black "Langheinrich, Ferenc"]
[Result "0-1"]
[WhiteElo "2307"]
[BlackElo "2279"]

1.c4 Nf6 2.Nc3 g6 3.e4 d6 4.d4 Bg7 5.Be2 O-O 6.Nf3 e5 7.O-O Nc6 8.d5 Ne7
9.Nd2 a5 10.a3 Bd7 11.Ra2 a4 12.b4 axb3 13.Nxb3 c5 14.a4 Ne8 15.Bd2 f5 16.f3 f4
17.a5 g5 18.g4 h5 19.h3 Kf7 20.Na4 Nc8 21.Kg2 Rh8 22.Rh1 Nf6 23.Qb1 hxg4
24.hxg4 Rxh1 25.Kxh1 Qh8+ 26.Kg2 Qh4 27.Be1 Qh6 28.Bf2 Ne7 29.Qh1 Qg6 30.Naxc5 dxc5
31.Nxc5 Bxg4 32.fxg4 Rh8 33.Qd1 Qh7 34.Kf1 Qh1+ 35.Bg1 Rh3 36.Kf2 Rg3 37.Qf1 Ng6
38.Rb2 Nh4 39.Rxb7+ Kg6 40.Rxg7+ Kxg7 41.a6 Rf3+ 42.Bxf3 Qxf3+ 43.Ke1 Ng2+
44.Qxg2 Qxg2  0-1

[Event "Troll Masters"]
[Site "Gausdal"]
[Date "1999.01.09"]
[Round "1"]
[White "Nielsen, Peter Heine"]
[Black "Lie, Kjetil A"]
[Result "1-0"]
[WhiteElo "2515"]
[BlackElo "2240"]

1.d4 Nf6 2.c4 g6 3.Nc3 Bg7 4.e4 O-O 5.Nf3 d6 6.Be2 e5 7.O-O Nc6 8.d5 Ne7
9.Ne1 Nd7 10.Be3 f5 11.f3 f4 12.Bf2 g5 13.a4 a5 14.Nd3 c5 15.dxc6 bxc6 16.c5 d5
17.Qb3 Rb8 18.Qa2 Bb7 19.b4 axb4 20.Nxb4 Qa5 21.exd5 Kh8 22.Nxc6 Nxc6 23.dxc6 Bxc6
24.Nb5 g4 25.fxg4 Qa8 26.Rfd1 e4 27.Bd4 Bxd4+ 28.Rxd4 f3 29.Rxd7 Rf6 30.Ra7 Qxa7
31.Nxa7 fxe2 32.Nxc6  1-0

[Event "BL2-W9899"]
[Site "Germany"]
[Date "1999.01.10"]
[Round "4.8"]
[White "Bureik, Matthias"]
[Black "Matthaei, Alexander"]
[Result "0-1"]
[WhiteElo "2230"]
[BlackElo "2370"]

1.d4 Nf6 2.c4 g6 3.Nc3 Bg7 4.e4 d6 5.Be2 O-O 6.Nf3 e5 7.O-O Nc6 8.d5 Ne7
9.b4 Ne8 10.c5 h6 11.Ba3 f5 12.Nd2 Nf6 13.cxd6 cxd6 14.b5 Ne8 15.Nc4 Kh7
16.Rc1 Ng8 17.b6 a6 18.Qb3 f4 19.f3 h5 20.Na5 g5 21.Nc6 Qf6 22.Na7 Bd7 23.Bxa6 bxa6
24.b7 Rb8 25.Nc6 Bxc6 26.dxc6 Qd8 27.Rfd1 Ne7 28.Na4 Qc7 29.Qb6 Nxc6 30.Rxc6 Qxb7
31.Qxb7 Rxb7 32.Rxa6 Rff7 33.Nc3 Rfc7 34.Nd5 Rc2 35.Ra1 g4 36.Rb6 Ra7 37.Rb2 Rc6
38.Bb4 Nf6 39.Rd1 Nxd5 40.exd5 Rca6 41.a3 e4 42.Rc2 e3 43.Kf1 Be5 44.Rdc1 Kg6
45.Rc6 Kf5 46.Ke2 Ra4 47.R1c2 Rb7 48.Rc8 Raa7 49.Rf8+ Kg6 50.Rg8+ Kh7 51.Rcc8 Rxb4
52.axb4 Ra2+ 53.Kf1 Ra1+ 54.Ke2 Rg1 55.Rge8 Rxg2+ 56.Kf1 e2+ 57.Kxg2 e1=Q
58.Re7+ Kg6 59.Rg8+ Kf6  0-1

[Event "BL2-W9899"]
[Site "Germany"]
[Date "1999.01.10"]
[Round "4.8"]
[White "Hammes, Michael"]
[Black "Michalczak, Thomas"]
[Result "1-0"]
[WhiteElo "2333"]
[BlackElo "2260"]

1.d4 Nf6 2.c4 g6 3.Nc3 Bg7 4.e4 d6 5.Nf3 O-O 6.Be2 e5 7.O-O Nc6 8.d5 Ne7
9.b4 Nh5 10.Re1 c6 11.g3 f5 12.Ng5 Nf6 13.Bf3 cxd5 14.cxd5 fxe4 15.Ngxe4 Nxe4
16.Nxe4 Nf5 17.Bb2 Bh6 18.Bg2 Qb6 19.Qa4 a5 20.Bc3 axb4 21.Qxb4 Qxb4 22.Bxb4 Ra4
23.a3 Rd8 24.Ra2 Ne7 25.Nc3 Ra6 26.f4 Nf5 27.fxe5 dxe5 28.Rxe5 Be3+ 29.Kh1 Bd4
30.Re1 Ne3 31.Rae2 Bxc3 32.Bxc3 Nxg2 33.Kxg2 Bg4 34.Re7 Rxa3 35.Rg7+ Kf8
36.Rc7 Rxc3 37.Rxc3 Rxd5 38.Rc7 Rd2+ 39.Kg1 Rd7 40.Rxd7 Bxd7 41.Kf2 Kf7 42.Kf3 h5
43.Kf4 Kf6 44.h4 b5 45.Rd1 Ke7 46.Ke5 Bf5 47.Rd5 Bd7 48.Rd6 Bf5 49.Rb6 Bd3
50.Kd4 Bc2 51.Rxb5 Ke6 52.Ke3 Ba4 53.Ra5 Bc2 54.Kf4 Bb1 55.Kg5 Bd3 56.Ra7 Ke5
57.Re7+ Kd4 58.Rd7+  1-0

[Event "BL2-W9899"]
[Site "Germany"]
[Date "1999.01.10"]
[Round "4.6"]
[White "Kamp, Christoph"]
[Black "Berg, Michael"]
[Result "1-0"]
[WhiteElo "2325"]
[BlackElo "2270"]

1.c4 Nf6 2.Nc3 g6 3.e4 d6 4.d4 Bg7 5.Be2 O-O 6.Nf3 e5 7.O-O Nc6 8.d5 Ne7
9.Ne1 Nd7 10.Nd3 f5 11.Bd2 Nf6 12.f3 Kh8 13.b4 c6 14.a4 a5 15.bxa5 c5 16.Qb3 Ra6
17.Ra2 h5 18.exf5 gxf5 19.f4 e4 20.Ne1 Ng4 21.Nb5 Ng8 22.Nc2 Qe7 23.Qh3 N8f6
24.Qh4 Qf7 25.h3 Nh6 26.Bc3 Rg8 27.Ne3 Kh7 28.Kh1 Bh8 29.Bd1 Bg7 30.Rg1 Bh8
31.Nf1 Qe7 32.Bxh5 Nxd5 33.Qxe7+ Nxe7 34.Bxh8 Rxh8 35.Ne3 Bd7 36.Rd1 Rxa5
37.Rxd6 Bc6 38.Re6 Nc8 39.g4 fxg4 40.hxg4 Rd8 41.g5 Ng8 42.Rh2 Kg7 43.Bg6 Nge7
44.Rh7+ Kg8 45.Rexe7 Nxe7 46.Rxe7 Rxa4 47.Nd5 e3 48.Kh2 Bxd5 49.cxd5 Rxd5
50.Nc3 Rd2+ 51.Kg3 Ra3 52.Ne4 Ra6 53.Nf6+ Rxf6 54.gxf6  1-0

[Event "Tapolca op"]
[Site "Budapest"]
[Date "1999.01.11"]
[Round "4"]
[White "Khechumyan, Gagik"]
[Black "Nguyen Anh Dung"]
[Result "0-1"]
[WhiteElo "2320"]
[BlackElo "2495"]

1.c4 Nf6 2.Nc3 g6 3.e4 d6 4.d4 Bg7 5.Nf3 O-O 6.Be2 e5 7.O-O Nc6 8.Be3 Ng4
9.Bg5 f6 10.Bh4 h5 11.h3 Nh6 12.dxe5 dxe5 13.Qc1 g5 14.Nxg5 fxg5 15.Bxg5 Qd6
16.Bxh5 Nf7 17.Nb5 Qd7 18.Qe3 Nd4 19.Rad1 c6 20.Bg4 Qxg4 21.hxg4 cxb5 22.f3 bxc4
23.Be7 Re8 24.Bc5 Ne6 25.g3 b6 26.Bb4 Bb7 27.Kg2 Rad8 28.Qa3 a5 29.Be7 Rd4
30.g5 Kh7 31.Rxd4 Nxd4 32.Bf6 Bxf6 33.gxf6 Kg6 34.Qa4 Bc6 35.Qxc4 Bb5 36.Qc3 Bxf1+
37.Kxf1 Re6 38.f4 Rxf6 39.Qc8 Kg7 40.Qg4+ Rg6 41.Qd7 Ne6 42.fxe5 Nc5 43.Qd4 Re6
44.Kg2 Nxe5 45.b4 axb4 46.Qxb4 Ncd3 47.Qd2 Kg6 48.Qe3 Rc6 49.Qd4 Rc2+ 50.Kf1 Rb2
51.a4 Kh5  0-1

[Event "Australian op"]
[Site "Suncoast"]
[Date "1999.01.13"]
[Round "10"]
[White "Johansen, Darryl K"]
[Black "Chapman, Mark2"]
[Result "1-0"]
[WhiteElo "2490"]
[BlackElo "2075"]

1.Nf3 Nf6 2.c4 g6 3.Nc3 Bg7 4.e4 d6 5.d4 O-O 6.Be2 e5 7.O-O Nc6 8.d5 Ne7
9.b4 a5 10.Ba3 axb4 11.Bxb4 b6 12.a4 Ne8 13.Nb5 f5 14.Nd2 Kh8 15.Bf3 Bd7
16.Ra3 Bxb5 17.cxb5 Nf6 18.Qb3 Bh6 19.Qc4 Qd7 20.Rfa1 Rf7 21.a5 bxa5 22.Rxa5 Rxa5
23.Bxa5 fxe4 24.Nxe4 Nexd5 25.Nxf6 Nxf6 26.Bc6 Qe7 27.Bxc7 d5 28.Qh4 Qxc7
29.Qxh6 Ng8 30.Ra8 Qd6 31.Qg5 Re7 32.h4 Kg7 33.Rc8 d4 34.b6 d3 35.Qd2 Rf7
36.b7 Ne7 37.b8=Q Qxb8 38.Rxb8 Nxc6  1-0

[Event "Linares Anibal op"]
[Site "Linares"]
[Date "1999.01.14"]
[Round "7"]
[White "Bagaturov, Giorgi"]
[Black "Pedzich, Dominik"]
[Result "1/2-1/2"]
[WhiteElo "2540"]
[BlackElo "2435"]

1.d4 Nf6 2.c4 g6 3.Nc3 Bg7 4.e4 d6 5.Nf3 O-O 6.Be2 e5 7.O-O Nc6 8.d5 Ne7
9.b4 Nh5 10.Re1 h6 11.c5 f5 12.Nd2 Nf6 13.Bb2 g5 14.exf5 Bxf5 15.Nc4 Ne4
16.Nxe4 Bxe4 17.Ne3 Nf5 18.Bg4 Nd4 19.Rc1 Qf6 20.Qd2 Rae8 21.Bh5 Bg6 22.Bxg6 Qxg6
23.cxd6 cxd6 24.Rc7 Rf7 25.Rxf7  1/2-1/2

[Event "Excelsior Cup"]
[Site "Goteborg"]
[Date "1999.01.15"]
[Round "9"]
[White "Ziegler, Ari"]
[Black "Hillarp Persson, Tiger"]
[Result "0-1"]
[WhiteElo "2402"]
[BlackElo "2482"]

1.d4 g6 2.c4 Bg7 3.e4 d6 4.Nc3 Nf6 5.Nf3 O-O 6.Be2 e5 7.O-O Nc6 8.d5 Ne7
9.Ne1 Ne8 10.Be3 f5 11.f3 Kh8 12.c5 Ng8 13.cxd6 cxd6 14.Qd2 f4 15.Bf2 h5
16.Nb5 a6 17.Nc3 Bd7 18.Qd1 Rb8 19.Na4 b5 20.Nc3 g5 21.b4 Nh6 22.a4 bxa4
23.Nxa4 Rxb4 24.Nd3 Rb8 25.Qd2 a5 26.Nab2 g4 27.Rxa5 Rg8 28.Nc4 Nf7 29.Nb4 g3
30.Ba7 Qh4 31.hxg3 fxg3 32.Rb1 Bh6 33.Qc2 Qh2+ 34.Kf1 Qh1+ 35.Bg1 h4 36.f4 h3  0-1

[Event "Hamburg IM"]
[Site "Hamburg"]
[Date "1999.01.15"]
[Round "6"]
[White "Lamprecht, Frank"]
[Black "Gross, David"]
[Result "1/2-1/2"]
[WhiteElo "2395"]
[BlackElo "2435"]

1.d4 Nf6 2.c4 g6 3.Nc3 Bg7 4.e4 d6 5.Nf3 O-O 6.Be2 e5 7.O-O Nc6 8.d5 Ne7
9.b4 Kh8 10.c5 Neg8 11.Nd2 Ne8 12.a4 f5 13.Ba3 Nh6 14.Rc1 f4 15.Rc2  1/2-1/2

[Event "BL9899 (Women)"]
[Site "Germany"]
[Date "1999.01.16"]
[Round "7.1"]
[White "Ioseliani, Nana"]
[Black "Bobrowska, Monika"]
[Result "1-0"]
[WhiteElo "2495"]
[BlackElo "2470"]

1.d4 Nf6 2.Nf3 g6 3.c4 Bg7 4.Nc3 O-O 5.e4 d6 6.Be2 e5 7.O-O Nc6 8.d5 Ne7
9.Nd2 a5 10.Rb1 Bd7 11.a3 a4 12.b4 axb3 13.Nxb3 c5 14.dxc6 Bxc6 15.Qd3 Ne8
16.Rd1 f5 17.Bf3 f4 18.c5 Rf6 19.Bb2 g5 20.Nb5 Ng6 21.Nxd6 Nxd6 22.cxd6 Bf8
23.d7 Ra4 24.Rbc1 Rd6 25.Qc2 Rxd7 26.Nc5 Bxc5 27.Qxc5 Rxd1+ 28.Rxd1 Qf8 29.Rd6 g4
30.Bxg4 Rxe4 31.Bc3 Kh8 32.Bf3 Rc4 33.Bxe5+ Nxe5 34.Qxe5+ Kg8 35.Qg5+ Qg7
36.Rd8+ Kf7 37.Bh5+  1-0

[Event "BL9899 (Women)"]
[Site "Germany"]
[Date "1999.01.16"]
[Round "7.1"]
[White "Mai, Iris"]
[Black "Paehtz, Elisabeth"]
[Result "1-0"]
[WhiteElo "2140"]
[BlackElo "2230"]

1.d4 Nf6 2.c4 g6 3.Nc3 Bg7 4.e4 d6 5.Nf3 O-O 6.Be2 e5 7.O-O Nc6 8.Be3 Ng4
9.Bg5 f6 10.Bd2 Nh6 11.d5 Ne7 12.b4 Nf7 13.Qc1 f5 14.Ng5 Nxg5 15.Bxg5 f4
16.f3 Bf6 17.Bxf6 Rxf6 18.c5 a6 19.a4 g5 20.a5 Rh6 21.Na4 Qe8 22.g4 fxg3
23.Qxg5+ Rg6 24.Qh4 Rg7 25.hxg3 Ng6 26.Qh5 Bd7 27.Nc3 Qe7 28.Kf2 Rf8 29.c6 Bc8
30.cxb7 Bxb7 31.b5 axb5 32.a6 Ba8 33.Nxb5 Qd8 34.Rfb1 Qb8 35.Ke1 Qb6 36.Qh2 Qe3
37.Ra3 Qg5 38.Rc3 h5 39.a7 h4 40.g4 Nf4 41.Nxc7 h3 42.Rb8 Ng2+ 43.Kf2 Rxc7
44.Rxf8+ Kxf8 45.Rxc7 Qe3+ 46.Kg3 Nf4 47.Bf1 Qb6 48.Rc8+ Kg7 49.Rxa8 Qb7
50.Qc2  1-0

[Event "Oberliga Sued W9899"]
[Site "Wuertemberg"]
[Date "1999.01.17"]
[Round "5"]
[White "Ortmann, David"]
[Black "Gohil, Harry"]
[Result "1-0"]
[WhiteElo "2165"]
[BlackElo "2305"]

1.Nf3 Nf6 2.c4 g6 3.Nc3 Bg7 4.e4 O-O 5.d4 d6 6.Be2 e5 7.O-O Nc6 8.dxe5 dxe5
9.Bg5 Qd7 10.h3 h6 11.Be3 Rd8 12.Qc1 Nd4 13.Nxd4 exd4 14.Bxd4 Qe7 15.Bxf6 Qxf6
16.Qe3 Be6 17.Rfd1 Rd4 18.Rxd4 Qxd4 19.Qxd4 Bxd4 20.Rd1 c5 21.Nd5 Kg7 22.b3 Rf8
23.Nf4 Bd7 24.Bg4 Bc6 25.Nd5 Re8 26.Bf3 Re6 27.Kf1 g5 28.Re1 Re5 29.Ne3 Bd7
30.Bg4 Bxg4 31.Nxg4 Re6 32.Ne3 Kf6 33.f3 Ra6 34.Nd5+ Ke5 35.Re2 h5 36.g3 Rg6
37.f4+ gxf4 38.gxf4+ Kd6 39.Rg2 Rh6 40.Rg8 Rh7 41.Ke2 b6 42.Kf3 Bb2 43.h4 Rh6
44.Ra8 f6 45.Rxa7 Rg6 46.Ra6 Rg4 47.Rxb6+ Kd7 48.Nxf6+ Kc7 49.Nd5+ Kd8 50.e5 Rxh4
51.e6  1-0

[Event "AUT-chT2M 9899"]
[Site "Austria"]
[Date "1999.01.23"]
[Round "6"]
[White "Hackbarth, Wolfgang"]
[Black "Wallner, Alfred"]
[Result "1/2-1/2"]
[WhiteElo "2190"]
[BlackElo "2270"]

1.c4 g6 2.d4 Nf6 3.Nc3 Bg7 4.e4 d6 5.Nf3 O-O 6.Be2 e5 7.O-O Nc6 8.d5 Ne7
9.Ne1 Nd7 10.Nd3 f5 11.b4 Nf6 12.f3 a5 13.Qb3 axb4 14.Qxb4 c5 15.Qb3 f4 16.Bd2 h5
17.Rfb1 g5 18.Qb6 Qd7 19.Nb5 Ne8 20.Na7  1/2-1/2

[Event "Copenhagen-ch"]
[Site "Copehagen"]
[Date "1999.01.23"]
[Round "2"]
[White "Clausen, Steen"]
[Black "Sorensen, Torben"]
[Result "0-1"]
[WhiteElo "2270"]
[BlackElo "2310"]

1.d4 Nf6 2.c4 g6 3.Nc3 Bg7 4.e4 d6 5.Nf3 O-O 6.Be2 e5 7.O-O Nc6 8.d5 Ne7
9.Nd2 c6 10.Rb1 b5 11.cxb5 cxd5 12.exd5 Bb7 13.Bf3 Rc8 14.Nb3 Rxc3 15.bxc3 e4
16.Be2 Nfxd5 17.Bd2 Nxc3 18.Bxc3 Bxc3 19.Rc1 Be5 20.Qd2 Nd5 21.g3 Qf6 22.Rc2 Bc3
23.Qc1 Nb4 24.Rd2 Bxd2 25.Qxd2 Nd5 26.Rc1 Re8 27.Na5 Ba8 28.Nc6 e3 29.fxe3 Nxe3
30.Rc3 Qe6 31.Nd4 Qe5 32.Nc6 Qe4 33.Bf1 Nxf1  0-1

[Event "Geneve op"]
[Site "Geneve"]
[Date "1999.01.23"]
[Round "1"]
[White "Gurevich, Dmitry"]
[Black "Ambrosini, Nicola"]
[Result "1-0"]
[WhiteElo "2545"]
[BlackElo "2175"]

1.d4 Nf6 2.c4 g6 3.Nc3 Bg7 4.e4 d6 5.Nf3 O-O 6.Be2 e5 7.O-O Nc6 8.d5 Ne7
9.Ne1 Nd7 10.Be3 f5 11.f3 f4 12.Bf2 g5 13.Rc1 h5 14.Nb5 b6 15.b4 a6 16.Nc3 Nf6
17.c5 g4 18.cxd6 cxd6 19.Na4 Rb8 20.b5 a5 21.Qc2 Rb7 22.Qd2 Rb8 23.Nd3 Bd7
24.Rc6 Nxc6 25.dxc6 Be6 26.Bxb6 Rxb6 27.Qxa5 Nd7 28.cxd7 Rb7 29.Qxd8 Rxd8
30.Nb4 Rdxd7 31.b6 Bf8 32.Rc1 Rb8 33.Na6 Rdb7 34.Nxb8 Rxb8 35.Ba6 Kf7 36.b7 Ke8  1-0